| 000 | 00576nam a2200193Ia 4500 | ||
|---|---|---|---|
| 003 | GCL | ||
| 008 | 140319s9999 xx 000 0 ara d | ||
| 040 |
_aGCL / _cGCL |
||
| 082 | 0 | 4 |
_a328.345 _bس ق |
| 100 | 1 | _aسامى جمال الدين | |
| 245 | 1 | 0 |
_aفضاء الملاءمة والسلطة / _cسامى جمال الدين |
| 260 |
_a[S.N] : _bدار النهضة العربية ، _c1992 |
||
| 300 | _a318 ص | ||
| 490 | _a | ||
| 650 | 0 | 4 | _aالقانون |
| 650 | 0 | 4 | _aالقانون الادارى |
| 650 | 0 | 4 | _aالسلطة الادارية |
| 942 |
_2ddc _cBK |
||
| 999 |
_c37028 _d37028 |
||